Normal view
MARC view
- Hocking, Martin. B.
Entry Personal Name
001 - CONTROL NUMBER
- control field: 7341
003 - CONTROL NUMBER IDENTIFIER
- control field: NUST
005 - DATE AND TIME OF LATEST TRANSACTION
- control field: 20171215111806.0
008 - FIXED-LENGTH DATA ELEMENTS
- fixed length control field: 171215|| aca||aabn | a|a d
040 ## - CATALOGING SOURCE
- Original cataloging agency: NUST
- Transcribing agency: NUST
100 ## - HEADING--PERSONAL NAME
- Personal name: Hocking, Martin. B.
- Fuller form of name: (Martin Blake),
- Dates associated with a name: 1938-
670 ## - SOURCE DATA FOUND
- Source citation: Work cat.: (NUST)0: Hocking, Martin. B. (Martin Blake), 1938-, Handbook of chemical technology and pollution control /, c1998.
